000 01174nam a22003255a 4500
008 120207t2006 maua frbf|| 001 0 eng d
010 _a 2006279890
020 _a0750679727 (alk. paper)
020 _a9780750679725 (alk. paper)
035 _a(OCoLC)ocm65203448
040 _aEG-ScBUE
_beng
_cEG-ScBUE
082 0 4 _a622.3382
_bAHM
_222
100 1 _aAhmed, Tarek H.,
_928676
245 1 0 _aReservoir Engineering :
_b Handbook /
_cTarek Ahmed.
250 _a3rd ed.
260 _aBurlington :
_bElsevier/Gulf Professional,
_cc. 2006.
300 _axv, 1360 p. :
_bill. ;
_c24 cm.
500 _aAppendix : p. 1338-11349.
500 _aIndex : p. 1351-1359.
504 _aBibliography : p.1335-1337.
590 _aMenna Elemam
650 0 _aOil reservoir engineering.
_928677
_2BUEsh
650 0 _aOil fields.
_928678
_2BUEsh
650 0 _aGas reservoirs.
_928679
_2BUEsh
651 _2BUEsh
653 _bENGPET
_cAugust2015
856 4 1 _3Table of contents only
_uhttp://www.loc.gov/catdir/toc/fy0701/2006279890.html
856 4 1 _3Publisher description
_uhttp://www.loc.gov/catdir/enhancements/fy0665/2006279890-d.html
942 _cNB
_k622.3382 AHM
_2ddc
999 _c6286
_d6286